000 01103cam a2200313 i 4500
001 1816292
003 ARRUPE
005 20160412151904.0
008 791115s1978 enkaf b 000 0 eng
010 _a 79318679
015 _aGB***
020 _a0905990072 :
_c£4.95.
020 _z0905990048 (pbk.)
040 _aDLC
_cDLC
_dDLC
043 _ae-uk---
_an-us---
050 0 0 _aHD6475.A1
_bT47
082 0 0 _a331.88/091
100 1 _aThomson, Don.
_923719
245 1 0 _aWhere were you, brother? :
_ban account of trade union imperialism /
_cby Don Thomson and Rodney Larson.
260 _aLondon :
_bWar on Want,
_cc1978.
300 _a138 p.;
_bill. ;
_c22 cm.
504 _aIncludes bibliographical references.
650 0 _aInternational labor activities
_xHistory.
_923720
650 0 _aLabor unions and international relations
_zUnited States
_xHistory.
_923721
650 0 _aLabor unions and international relations
_zGreat Britain
_xHistory.
_923722
700 1 _aLarson, Rodney,
_ejoint author.
_923723
906 _a7
_bcbc
_corignew
_d4
_encip
_f19
_gy-gencatlg
942 _2lcc
_cMONOGRAPH
999 _c124585
_d124585